Bases del diseño : formato : m. tamaño de un impreso, expresado en relación con el número de hojas que comprende cada pliego [...] o indicando la longitud y anchura de la plana /

Colección de monografías en que se abordan diversos aspectos básicos del diseño gráfico: formato, tipografía, layout, color, imagen e impresión y acabados; en cada uno de ellos, a partir de ejemplos de prestigiosos diseñadores actuales, se explican cómo se aplican de manera práctica los conceptos te...

Descripción completa

Guardado en:
Detalles Bibliográficos
Autor principal: Ambrose, Gavin (autor)
Otros autores: Harris, Paul (autor) (autor)
Formato: Libro
Idioma:Español
Publicado: Barcelona, España : Parramón, 2004, c2004
Colección:(Bases del Diseño ; 1)
Temas:
Etiquetas: Agrega una etiqueta
Sin etiquetas, Sé el primero en etiquetar este registro!

MARC

LEADER 00000nam^a2200000^a^4500
001 000310349
005 20250521000000.0
009 20260310113013.827
020 |a 978-84-342-2673-9 
037 |a Acervo ITESO - Biblioteca 
041 |a ESP 
082 |a 741. 6  |b AMB V. 1 
100 |a Ambrose, Gavin  |e (autor) 
240 1 1 |a [Bases del diseño] 
245 1 0 |a Bases del diseño :  |b formato : m. tamaño de un impreso, expresado en relación con el número de hojas que comprende cada pliego [...] o indicando la longitud y anchura de la plana /  |c G. Ambrose, P. Harris ; tr. por Jorge Rizzo. 
264 4 |a Barcelona, España :  |b Parramón,  |c 2004, c2004 
300 |a 175 p. 
336 |a texto  |b txt  |2 rdacontenido 
337 |a sin mediación  |b n  |2 rdamedio 
338 |a volumen  |b nc  |2 rdasoporte 
440 1 |a (Bases del Diseño ;  |v 1) 
500 |a Traducción de: Format 
520 |a Colección de monografías en que se abordan diversos aspectos básicos del diseño gráfico: formato, tipografía, layout, color, imagen e impresión y acabados; en cada uno de ellos, a partir de ejemplos de prestigiosos diseñadores actuales, se explican cómo se aplican de manera práctica los conceptos teóricos presentados. Este volumen aborda los retos que representa el formato para el diseñador, de modo que en función del tipo de producto (el cartel debe ser grande para leerse a distancia, un sello postal pequeño para pegarse en el sobre, etc.), el formato se adecue a la comunicación pretendida. 
649 |a XX 
650 |a Formato (Diseño Gráfico) -  |x Tema Principal 
650 |a Diseño Gráfico -  |x Técnica 
650 |a Diseño -  |x Técnica 
650 |a Comunicación Visual 
740 0 |a Formato :  |b m. tamaño de un impreso, expresado en relación con el número de hojas que comprende cada pliego [...] o indicando la longitud y anchura de la plana /  |c G. Ambrose, P. Harris ; tr. por Jorge Rizzo. 
700 |a Harris, Paul  |e (autor) 
910 |a Fondo General 
920 |a Impresos - Libros 
930 |a Reserva Especial 
905 |a 103 
901 |a 0500197068  |b IT1  |c REE  |i C128081  |u 20250521 
902 |a https://opac.biblio.iteso.mx/vufind/Record/000310349